000 00591nam a2200193Ia 4500
005 20260114185747.0
008 008 260114s9999 xx 000 0 eng d
020 _a9781501342790
037 _aEBOOK
040 _aCRL
_beng
_cCRL
041 _aeng
_2eng
084 _qCRL
100 _aChristel H. Force
_9874072
245 0 _aPioneers of the Global Art Market Paris-Based Dealer Networks, 1850-1950
260 _bBloomsbury
_c2020
856 _uhttps://doi.org/10.5040/9781501342790?locatt=label:secondary_bloomsburyCollections
942 _cEBOOK
999 _c1473008
_d1473008